| 000 | 01766nam0a2200313 4500 | ||
|---|---|---|---|
| 001 | RU\NLR\BIBL_A\012038446 | ||
| 005 | 20190730171105.0 | ||
| 010 |
_a978-5-91612-207-7 _950 |
||
| 021 |
_aRU _bКН-П-19-037325 _9КН-П-19-2740 |
||
| 035 | _a(NLR Aleph) 012038446 | ||
| 035 | _a(RuMoRGB)009990440 | ||
| 090 |
_a11587511 _c11587511 |
||
| 100 | _a20190618d2017 u y0rusy50 ca | ||
| 101 | 0 | _arus | |
| 102 | _aRU | ||
| 105 | _ay|||j|||000zy | ||
| 200 | 1 |
_aПенитенциарная психология и педагогика _eучебно-методическое пособие _e[для обучающихся по направлению подготовки 40.03.01 "Юриспруденция"] _fС. С. Пиюкова, С. А. Тарасова _gФедеральная служба исполнения наказаний, Самарский юридический институт |
|
| 210 |
_aСамара _cСамарский юридический институт ФСИН России _d2017 |
||
| 215 |
_a85 с. _d21 |
||
| 320 | _aБиблиогр. в конце разд. и в подстроч. примеч. | ||
| 606 | 1 |
_aОсужденные _xПсихологические исследования _jУчебно-методические пособия для высших учебных заведений _2nlr_sh1 _2nlr_sh2 _3RU\NLR\AUTH\66440225 |
|
| 686 | 1 | _aЮ947я73 | |
| 700 | 1 |
_aПиюкова _bС. С. _gСветлана Станиславовна |
|
| 701 | 1 |
_aТарасова _bС. А. _cканд. психол. наук _gСветлана Александровна _3RU\NLR\AUTH\7742618 |
|
| 942 | _cBOOK | ||
| 980 | _aNBR | ||
| 980 | _aNB | ||